| 000 | 01056nam a2200301 i 4500 | ||
|---|---|---|---|
| 001 | 000008365 | ||
| 003 | DO-SdBNP | ||
| 005 | 20250623111908.0 | ||
| 007 | ta | ||
| 008 | 090916s199u dr ad 000 0 spa d | ||
| 040 |
_aDO-SdBNP _bspa _cBNPHU _erda |
||
| 049 | _aBNPD | ||
| 082 | 4 |
_a380.17293 _bL333m _222 |
|
| 100 |
_aLarrauri, Ryan, _eautor _4aut. _922578 |
||
| 245 | 1 | 0 |
_aMercadeo : _bgénesis y evolución / _cRyan Larraury ; prólogo, Delio Pichardo. |
| 260 |
_aSanto Domingo. _fAmigo del Hogar _c199u. |
||
| 264 | 1 |
_aSanto Domingo : _bAmigo del Hogar, _c199-?. |
|
| 300 |
_a201 páginas : _bilustraciones, diágramas ; _c22 cm. |
||
| 336 |
_atexto _btxt _2rdacontent |
||
| 337 |
_asin mediación _bn _2rdamedia |
||
| 338 |
_avolumen _bnc _2rdacarrier |
||
| 504 | _aBibliografía : páginas 197-201. | ||
| 590 | _aInventariado, 2025/BT | ||
| 650 | 4 |
_aAdministración de mercadeo _zRepublica Dominicana _922579 |
|
| 650 | 4 |
_aAnálisis de mercadeo _zRepublica Dominicana _922580 |
|
| 700 | 1 |
_aPichardo, Delio, _eprologuista _4pr. _922581 |
|
| 942 |
_2ddc _cLBS1 |
||
| 999 |
_c8136 _d8136 |
||